00910nam a22002057a 4500999001700000003000900017008004100026040007100067082002400138100003200162245006900194260002700263300004100290505018000331650002200511650003200533942001600565945002000581952010300601  c12047d12047AR-CdUCM190405b           ||||| |||| 00| 0 spa d  aMUNICIPALIDAD PROVINCIAL DEL CUSCOcBIBLIOTECA MUNICIPAL DEL CUSCO  aEP / 372.910 /bB42  aBenavides Estrada, Augusto   aGeografía del Perú :bQuinto grado de educación primaria /  aLima :bEscuela Nueva.  a240 páginas ;bIlustracionesc21cm  aContenido: Elementos naturales y culturales de la localidad -- Las regiones geográficas del Perú -- El mar peruano y sus características -- La cordillera de Los Andes...  aGeografía 9318  aEducación primaria 91561  2ddccLIBROS  anomd2019-04-05  002ddc4070aSIbSIcCHILDd2019-04-05g35.00oEP / 372.910 / B42pSI00001389r2019-04-05yLIBROS